NBA Three Point Contest Winners - Statistics

General Stats
  • This quiz has been taken 8 times
  • The average score is 25 of 40
Answer Stats
Hint Answer % Correct
2016 Klay Thompson
100%
1986 Larry Bird
100%
1987 Larry Bird
100%
1988 Larry Bird
100%
2002 Peja Stojakovic
100%
2003 Peja Stojakovic
100%
2015 Stephen Curry
100%
2021 Stephen Curry
100%
1990 Craig Hodges
80%
1991 Craig Hodges
80%
1992 Craig Hodges
80%
2023 Damian Lillard
80%
2024 Damian Lillard
80%
2026 Damian Lillard
80%
2013 Kyrie Irving
80%
1989 Dale Ellis
60%
2018 Devin Booker
60%
2006 Dirk Nowitzki
60%
1995 Glen Rice
60%
2011 James Jones
60%
1998 Jeff Hornacek
60%
2000 Jeff Hornacek
60%
2022 Karl-Anthony Towns
60%
1993 Mark Price
60%
1994 Mark Price
60%
2010 Paul Pierce
60%
2005 Quentin Richardson
60%
2001 Ray Allen
60%
1997 Steve Kerr
60%
2004 Voshon Lenard
60%
2019 Joe Harris
40%
2014 Marco Belinelli
40%
2025 Tyler Herro
40%
2020 Buddy Hield
20%
2009 Daequan Cook
20%
2017 Eric Gordon
20%
2007 Jason Kopono
20%
2008 Jason Kopono
20%
2012 Kevin Love
20%
1996 Tim Leger
20%
No matching quizzes found
Score Distribution
Percent of People with Each Score
Percentile by Number Answered
Your Score History
You have not taken this quiz